| 000 | 00737 a2200205 4500 | ||
|---|---|---|---|
| 999 |
_c4359 _d4359 |
||
| 010 | _aENG-86276 | ||
| 020 |
_a8183331785 _c135.00 |
||
| 035 | _aEN-69809 | ||
| 037 | _bDBAD / PUB | ||
| 082 | 1 | 4 | _a004.6 |
| 100 | 1 | _aJain, Satish | |
| 245 | 1 |
_aGuide to communications and networking made easy : _cby Satish Jain [and] Vineeta Pillai _bthe complex text book for B.E., MCA and other IT related examinations / |
|
| 260 |
_aNew Delhi _bBPB Publications _c2006 |
||
| 270 |
_aB-14, Connaught Place _bNew Delhi _e110 001 _k011-23325760, 011-23723393 |
||
| 300 |
_a210 p. _c21 cm (Pbk.) |
||
| 650 | _aComputer networking | ||
| 650 | _aWireless communications | ||
| 700 | _aPillai, Vineeta | ||
| 942 |
_adpl _cEN _2ddc _h004.6 _mJAI |
||